Catalog

Record Details

Catalog Search



Psychologie péče o nemocného : lékař, zdravotní sestra a pacient Cover Image Book Book

Psychologie péče o nemocného : lékař, zdravotní sestra a pacient István Hárdi

Hárdi, István (Author).

Record details

  • Physical Description: 275 s.
  • Publisher: Praha Avicenum 1972

Available copies

  • 1 of 1 copy available at Common Catalog SPOK.

Holds

  • 0 current holds with 1 total copy.
Show Only Available Copies
Location Call Number / Copy Notes Barcode Shelving Location Status Due Date
ETS Library 616.89 424470005902 Volný výběr Available -

LDR 00646nam a2 00217
00139866
003CZ-PrJAB
00520031121000000.0
008031121s1972 xr e |||| |cze
009cz
035 . ‡a(CONS)7591
035 . ‡aKPS5642
041 . ‡acze
08214. ‡a616.89
100 . ‡71491 ‡aHárdi, István
245 . ‡aPsychologie péče o nemocného : ‡blékař, zdravotní sestra a pacient ‡cIstván Hárdi
260 . ‡aPraha ‡bAvicenum ‡c1972
300 . ‡a275 s.
653 . ‡aPsychologie péče o nemocného ‡alékař, zdravotní sestra a pacient
8524 . ‡bETS ‡bETS ‡cVolný výběr ‡j616.89 ‡gA ‡p424470005902
910 . ‡aABG450
999 . ‡a7591 ‡bAUTOGEN ‡c7591 ‡tbiblio
905 . ‡uadmin
901 . ‡a39866 ‡b ‡c39866 ‡tbiblio ‡sets

Additional Resources